000 00949nam a2200229Ia 4500
003 Ost
005 20260507075511.0
008 260507s9999||||xx |||||||||||||| ||und||
020 _a9789957499617
040 _cfsecg
041 _aara
082 _a350.75
100 _aالحسبان، عطا الله أحمد سويلم
_eمؤلف
245 0 _aالرقابة الداخلية والتدقيق في بيئة تكنولوجيا المعلومات /
_c عطا الله أحمد سويلم الحسبان
260 _aعمان:
_bدار الراية,
_c2009
300 _a204 صفحة؛
_bإيضاحات ؛
_c25 سم
504 _aببليوغرافيا:ص ص.193-204
520 _aنظام الرقابة الداخلية،واقع تكنولوجيا المعلومات في نظام الرقابة الداخلية
653 _aالحاسبات الإلكترونية
653 _aالرقابة الإدارية
942 _cكتاب
999 _c44736
_d44736